Normal view
MARC view
- Whalen, Karen
Entry Personal Name
001 - CONTROL NUMBER
- control field: 113343
003 - CONTROL NUMBER IDENTIFIER
- control field: NUST
005 - DATE AND TIME OF LATEST TRANSACTION
- control field: 20230705093004.0
008 - FIXED-LENGTH DATA ELEMENTS
- fixed length control field: 230705|| aca||aabn | a|a d
040 ## - CATALOGING SOURCE
- Original cataloging agency: NUST
- Transcribing agency: NUST
100 ## - HEADING--PERSONAL NAME
- Personal name: Whalen, Karen
670 ## - SOURCE DATA FOUND
- Source citation: Work cat.: (NUST): Whalen, Karen, Lippincott Illustrated Reviews : , 2019.
